000 00364nam a22001457a 4500
003 SGT
020 _a9788171889150
082 _a324.254
_bA11P
100 _aPANDE, B.N
245 _aA CENTENARY HISTORY OF THE INDIAN NATIONAL CONGRESS
260 _aINDIA
_bACADEMIC FOUNDATION
_c2011
300 _a645
650 _aINDIAN POLITICAL PARTIES
942 _2ddc
_cBK
999 _c26263
_d26263